000 01040 a2200229 4500
001 57142
005 20260407155834.0
008 260407a1994 arg spa d
003 AR-UNSa-BCEJYS
040 _aAR-UNSa-BCEJYS
_bspa
_cAR-UNSa-BCEJYS
080 _a37
_xEducación. Enseñanza. Formación
245 1 0 _aEducación tecnolológica (se ofrece)
_pEspacio en el aula (se busca)
020 _a950-701-252-4
264 1 _aBuenos Aires :
_bAique Grupo Editor
_c1994
300 _a223 p.
_c22 cm.
505 _a1. La tecnología como proceso – 2.Acerca de los contenidos del área de educación tecnológica – 3.Una propuesta de objetivos y contenidos posibles para un área de educación tecnológica – 4.El trabajo en el área de educación tecnológica – 5. Situaciones de aprendizajes propuestos.
041 _aspa
942 _cBK
590 _aniveau_biblio:m niveau_hierar:0
100 1 _aRodríguez de Fraga, Abel
856 4 1 _uhttps://biblioeco.unsa.edu.ar/pmb/images/libros/L128711.jpg
_yImagen de portada
_qimage/jpeg
999 _c6134
_d6134